被子植物门下属各科 Families of Angiosperms - Statistics

General Stats
  • This quiz has been taken 21 times
  • The average score is 21 of 238
Answer Stats
学名 % Correct
十字花科 Cruciferae
85%
蔷薇科 Rosaceae
85%
豆科 Leguminosae
77%
菊科 Compositae
69%
葫芦科 Cucurbitaceae
69%
茄科 Solanaceae
69%
葡萄科 Vitaceae
62%
禾本科 Gramineae
62%
木兰科 Magnoliaceae
46%
芸香科 Rutaceae
46%
杨柳科 Salicaceae
46%
石蒜科 Amaryllidaceae
46%
仙人掌科 Cactaceae
38%
胡桃科 Juglandaceae
38%
樟科 Lauraceae
38%
锦葵科 Malvaceae
38%
睡莲科 Nymphaeaceae
38%
百合科 Liliaceae
38%
漆树科 Anacardiaceae
31%
冬青科 Aquifoliaceae
31%
木棉科 Bombacaceae
31%
旋花科 Convolvulaceae
31%
唇形科 Labiatae
31%
桑科 Moraceae
31%
桃金娘科 Myrtaceae
31%
鼠李科 Rhamnaceae
31%
无患子科 Sapindaceae
31%
梧桐科 Sterculiaceae
31%
伞形科 Umbelliferae
31%
薯蓣科 Dioscoreaceae
31%
芭蕉科 Musaceae
31%
兰科 Orchidaceae
31%
棕榈科 Palmae
31%
苋科 Amaranthaceae
23%
夹竹桃科 Apocynaceae
23%
橄榄科 Burseraceae
23%
忍冬科 Caprifoliaceae
23%
大戟科 Euphorbiaceae
23%
猪笼草科 Nepenthaceae
23%
胡椒科 Piperaceae
23%
石榴科 Punicaceae
23%
榆科 Ulmaceae
23%
天南星科 Araceae
23%
凤梨科 Bromeliaceae
23%
姜科 Zingiberaceae
23%
桔梗科 Campanulaceae
15%
石竹科 Caryophyllaceae
15%
景天科 Crassulaceae
15%
柿科 Ebenaceae
15%
壳斗科 Fagaceae
15%
杨梅科 Myricaceae
15%
列当科 Orobanchaceae
15%
罂粟科 Papaveraceae
15%
车前科 Plantaginaceae
15%
悬铃木科 Platanaceae
15%
茜草科 Rubiaceae
15%
猕猴桃科 Actinidiaceae
8%
番荔枝科 Annonaceae
8%
五加科 Araliaceae
8%
马兜铃科 Aristolochiaceae
8%
小檗科 Berberidaceae
8%
桦木科 Betulaceae
8%
紫葳科 Bignoniaceae
8%
莼菜科 Cabombaceae
8%
蜡梅科 Calycanthaceae
8%
卫矛科 Celastraceae
8%
藜科 Chenopodiaceae
8%
山茱萸科 Cornaceae
8%
锁阳科 Cynomoriaceae
8%
龙脑香科 Dipterocarpaceae
8%
胡颓子科 Elaeagnaceae
8%
杜鹃花科 Ericaceae
8%
杜仲科 Eucommiaceae
8%
藤黄科 Guttiferae
8%
楝科 Meliaceae
8%
木犀科 Oleaceae
8%
酢浆草科 Oxalidaceae
8%
商陆科 Phytolaccaceae
8%
山龙眼科 Proteaceae
8%
大花草科 Rafflesiaceae
8%
毛茛科 Ranunculaceae
8%
山榄科 Sapotaceae
8%
山茶科 Theaceae
8%
菱科 Trapaceae
8%
荨麻科 Urticaceae
8%
鸢尾科 Iridaceae
8%
霉草科 Triuridaceae
8%
爵床科 Acanthaceae
0%
槭树科 Aceraceae
0%
五福花科 Adoxaceae
0%
番杏科 Aizoaceae
0%
八角枫科 Alangiaceae
0%
钩枝藤科 Ancistrocladaceae
0%
萝藦科 Asclepiadaceae
0%
蛇菰科 Balanophoraceae
0%
凤仙花科 Balsaminaceae
0%
落葵科 Basellaceae
0%
秋海棠科 Begoniaceae
0%
红木科 Bixaceae
0%
紫草科 Boraginaceae
0%
伯乐树科 Bretschneideraceae
0%
黄杨科 Buxaceae
0%
水马齿科 Callitrichaceae
0%
山柑科 Capparaceae
0%
番木瓜科 Caricaceae
0%
木麻黄科 Casuarinaceae
0%
金鱼藻科 Ceratophyllaceae
0%
连香树科 Cercidiphyllaceae
0%
金粟兰科 Chloranthaceae
0%
半日花科 Cistaceae
0%
桤叶树科 Clethraceae
0%
使君子科 Combretaceae
0%
牛栓藤科 Connaraceae
0%
马桑科 Coriariaceae
0%
隐翼科 Crypteroniaceae
0%
丝粉藻科 Cymodoceaceae
0%
虎皮楠科 Daphniphyllaceae
0%
岩梅科 Diapensiaceae
0%
毒鼠子科 Dichapetalaceae
0%
五桠果科 Dilleniaceae
0%
川续断科 Dipsacaceae
0%
茅膏菜科 Droseraceae
0%
杜英科 Elaeocarpaceae
0%
沟繁缕科 Elatinaceae
0%
岩高兰科 Empetraceae
0%
古柯科 Erythroxylaceae
0%
领春木科 Eupteleaceae
0%
大风子科 Flacourtiaceae
0%
瓣鳞花科 Frankeniaceae
0%
龙胆科 Gentianaceae
0%
牻牛儿苗科 Geraniaceae
0%
苦苣苔科 Gesneriaceae
0%
草海桐科 Goodeniaceae
0%
小二仙草科 Haloragidaceae
0%
金缕梅科 Hamamelidaceae
0%
蝎尾蕉科 Heliconiaceae
0%
莲叶桐科 Hernandiaceae
0%
七叶树科 Hippocastanaceae
0%
翅子藤科 Hippocrateaceae
0%
杉叶藻科 Hippuridaceae
0%
田基麻科 Hydrophyllaceae
0%
茶茱萸科 Icacinaceae
0%
水麦冬科 Juncaginaceae
0%
木通科 Lardizabalaceae
0%
玉蕊科 Lecythidaceae
0%
狸藻科 Lentibulariaceae
0%
亚麻科 Linaceae
0%
马钱科 Loganiaceae
0%
桑寄生科 Loranthaceae
0%
千屈菜科 Lythraceae
0%
金虎尾科 Malpighiaceae
0%
角胡麻科 Martyniaceae
0%
野牡丹科 Melastomataceae
0%
防己科 Menispermaceae
0%
粟米草科 Molluginaceae
0%
辣木科 Moringaceae
0%
苦槛蓝科 Myoporaceae
0%
肉豆蔻科 Myristicaceae
0%
紫金牛科 Myrsinaceae
0%
紫茉莉科 Nyctaginaceae
0%
蓝果树科 Nyssaceae
0%
金莲木科 Ochnaceae
0%
铁青树科 Olacaceae
0%
柳叶菜科 Onagraceae
0%
山柚子科 Opiliaceae
0%
攀打科 Pandaceae
0%
西番莲科 Passifloraceae
0%
胡麻科 Pedaliaceae
0%
五列木科 Pentaphylacaceae
0%
透骨草科 Phrymaceae
0%
海桐花科 Pittosporaceae
0%
白花丹科 Plumbaginaceae
0%
川苔草科 Podostemaceae
0%
花荵科 Polemoniaceae
0%
远志科 Polygalaceae
0%
蓼科 Polygonaceae
0%
马齿苋科 Portulacaceae
0%
海神草科 Posidoniaceae
0%
报春花科 Primulaceae
0%
鹿蹄草科 Pyrolaceae
0%
木犀草科 Resedaceae
0%
红树科 Rhizophoraceae
0%
马尾树科 Rhoipteleaceae
0%
川蔓藻科 Ruppiaceae
0%
清风藤科 Sabiaceae
0%
刺茉莉科 Salvadoraceae
0%
檀香科 Santalaceae
0%
三白草科 Saururaceae
0%
虎耳草科 Saxifragaceae
0%
玄参科 Scrophulariaceae
0%
苦木科 Simaroubaceae
0%
菝葜科 Smilacaceae
0%
海桑科 Sonneratiaceae
0%
旌节花科 Stachyuraceae
0%
省沽油科 Staphyleaceae
0%
鹤望兰科 Strelitziaceae
0%
花柱草科 Stylidiaceae
0%
安息香科 Styracaceae
0%
山矾科 Symplocaceae
0%
柽柳科 Tamaricaceae
0%
水青树科 Tetracentraceae
0%
四数木科 Tetramelaceae
0%
假繁缕科 Theligonaceae
0%
瑞香科 Thymelaeaceae
0%
椴树科 Tiliaceae
0%
昆栏树科 Trochodendraceae
0%
旱金莲科 Tropaeolaceae
0%
败酱科 Valerianaceae
0%
马鞭草科 Verbenaceae
0%
堇菜科 Violaceae
0%
大叶藻科 Zosteraceae
0%
蒺藜科 Zygophyllaceae
0%
泽泻科 Alismataceae
0%
水蕹科 Aponogetonaceae
0%
水玉簪科 Burmanniaceae
0%
花蔺科 Butomaceae
0%
美人蕉科 Cannaceae
0%
刺鳞草科 Centrolepidaceae
0%
鸭跖草科 Commelinaceae
0%
莎草科 Cyperaceae
0%
谷精草科 Eriocaulaceae
0%
须叶藤科 Flagellariaceae
0%
水鳖科 Hydrocharitaceae
0%
灯心草科 Juncaceae
0%
浮萍科 Lemnaceae
0%
竹芋科 Marantaceae
0%
茨藻科 Najadaceae
0%
露兜树科 Pandanaceae
0%
田葱科 Philydraceae
0%
雨久花科 Pontederiaceae
0%
眼子菜科 Potamogetonaceae
0%
帚灯草科 Restionaceae
0%
冰沼草科 Scheuchzeriaceae
0%
黑三棱科 Sparganiaceae
0%
百部科 Stemonaceae
0%
蒟蒻薯科 Taccaceae
0%
香蒲科 Typhaceae
0%
黄眼草科 Xyridaceae
0%
No matching quizzes found
Score Distribution
Percent of People with Each Score
Percentile by Number Answered
Your Score History
You have not taken this quiz